Alle Gegner aus Paper Mario: Die Legende vom Äonentor - Statistiken

Allgemein
  • Dieses Quiz wurde 22 mal gespielt
  • Das Durchschnittsergebnis liegt bei 57 aus 127
Antwortstatistiken
Gewöhnliche Gegner % Korrekt
Gumba
94%
Koopa
88%
Crucillus
76%
Crucius
76%
Paragumba
76%
Parakoopa
76%
Barbara
71%
Cortez
71%
Lohgard
71%
Aurelius
65%
Bowser
65%
Brunhilda
65%
Fuzzy
65%
Kamek
65%
Blooper
59%
Buu Huu
59%
Crucibot
59%
Fluffy
59%
Glumba
59%
Käfer
59%
Kammy Koopa
59%
Königin der Finsternis
59%
Lakitu
59%
Lohbert
59%
Lohviata
59%
Mega-Clubbone
59%
Parakäfer
59%
Piranha-Pflanze
59%
Pokey
59%
Susel Dusel
59%
Susel Wusel
59%
Wald-Fuzzy
59%
Atom-Buu
53%
Bandit
53%
Crucimat
53%
Crucimat XXL
53%
Finster-Buu
53%
Frost-Piranha
53%
Fußsoldat
53%
Gold-Fuzzy
53%
Großer Bandit
53%
Grüner Kamek
53%
Hyper-Gumba
53%
Kirk
53%
Knochentrocken
53%
Kugelwilli
53%
Lanzo
53%
Lava Blub
53%
Neo-Crucibot
53%
Orden-Bandit
53%
Paraglumba
53%
Pieks-Gumba
53%
Roter Kamek
53%
Rumpel
53%
Schattenkoopa
53%
Stachi
53%
Weißer Kamek
53%
Bob-omb
47%
Dornhart
47%
Fadula
47%
Faul-Piranha
47%
Faul-Pokey
47%
Grob-omb
47%
Hyper-Kirk
47%
Kahl-Kirk
47%
Kalte Glut
47%
Knochen-Koopa
47%
Mini-Crucimat
47%
Mini-Crucimat XXL
47%
Mond-Kirk
47%
Para-Pickelkäfer
47%
Pickelkäfer
47%
Pieks-Glumba
47%
Roberta
47%
Roter Knochen-Koopa
47%
Schattenpara
47%
Swooper
47%
Wiesen-Fuzzy
47%
Willi-Blaster
47%
Feuer-Bruder
41%
Geistertrocken
41%
Hammer-Bruder
41%
Käfer-Stachi
41%
Killer-Piranha
41%
Megasproing
41%
Sproing
41%
Bumerang-Bruder
35%
Dark Toadster
35%
Elite-Soldat
35%
Fies-Koopa
35%
Forscher
35%
Hypra-Gumba
35%
Kettenhund
35%
Koopatrouille
35%
Roter Kettenhund
35%
Swoopula
35%
Zornlicht
35%
Ass-Koopatrouille
29%
Fies-Parakoopa
29%
Gelber Magi-Mech
29%
Gigasproing
29%
Hysteri-Gumba
29%
Lila Magi-Mech
29%
Stahl-Kirk
29%
Weißer Magi-Mech
29%
Crucitektor
24%
Grottenfadula
24%
Hyper-Lakitu
24%
Panzerkoopa
24%
Roter Pickelkäfer
24%
Stratox
24%
Swooperatu
24%
Crucimat Z
18%
Eis-Schnuff
18%
Hyper-Kahl
18%
Lanzhäher
18%
Megab-omb
18%
Mini-Crucimat Z
18%
Panzerpara
18%
Raketenwilli
18%
Raketenwilli-Kanone
18%
Schwarzer Dornhart
18%
Stahl-Brüder
18%
Stink-Schnuff
18%
Schnappy
6%
Schniffi
6%
Soldateska
6%
Keine übereinstimmenden Quizze gefunden
Verteilung der Resultate
Anzahl Personen mit jedem Resultat
Perzentil nach korrekt beantworteten Fragen
Ihre Resultats-Entwicklung
Sie haben dieses Quiz noch nicht gespielt